Beginning of the upturn - for some. (Record no. 60470)
[ view plain ]
| 000 -LEADER | |
|---|---|
| fixed length control field | 00687cam a2200193 4500 |
| 001 - CONTROL NUMBER | |
| control field | ABS60822 |
| 008 - FIXED-LENGTH DATA ELEMENTS--GENERAL INFORMATION | |
| fixed length control field | 000000n1999 000 0 eng u |
| 035 ## - SYSTEM CONTROL NUMBER | |
| System control number | (Sirsi) u101321 |
| 100 ## - MAIN ENTRY--PERSONAL NAME | |
| Personal name | Stewart, A. |
| 245 ## - TITLE STATEMENT | |
| Title | Beginning of the upturn - for some. |
| 260 ## - PUBLICATION, DISTRIBUTION, ETC. | |
| Date of publication, distribution, etc. | 1999 |
| 490 ## - SERIES STATEMENT | |
| Series statement | Building Intelligence |
| Volume/sequential designation | June 1999, 10-11(2) |
| 520 ## - SUMMARY, ETC. | |
| Summary, etc. | The German construction industry has been in recession for the last six years, however the signs now point to recovery. The situation is patchy, with the commercial market flourishing but the housing market still slow. |
| 650 ## - SUBJECT ADDED ENTRY--TOPICAL TERM | |
| Topical term or geographic name entry element | GERMANY |
| 650 ## - SUBJECT ADDED ENTRY--TOPICAL TERM | |
| Topical term or geographic name entry element | CONSTRUCTION INDUSTRY |
| 650 ## - SUBJECT ADDED ENTRY--TOPICAL TERM | |
| Topical term or geographic name entry element | ECONOMICS |
| 690 ## - LOCAL SUBJECT ADDED ENTRY--TOPICAL TERM (OCLC, RLIN) | |
| Topical term or geographic name as entry element | OVERSEAS |
| 942 ## - ADDED ENTRY ELEMENTS (KOHA) | |
| Suppress in OPAC | 0 |
| Withdrawn status | Lost status | Source of classification or shelving scheme | Damaged status | Not for loan | Home library | Current library | Shelving location | Date acquired | Total Checkouts | Full call number | Barcode | Date last seen | Copy number | Price effective from | Koha item type |
|---|---|---|---|---|---|---|---|---|---|---|---|---|---|---|---|
| Dewey Decimal Classification | London | London | Journal article | 03/11/1999 | ABS60822 | 101321-1001 | 06/08/2019 | 1 | 06/08/2019 | Journal article |